| 000 | 00505cam a2200205 4500 | ||
|---|---|---|---|
| 001 | D1341 | ||
| 008 | 090401t1970 xxu||||| |||| 00| 0 eng d | ||
| 035 | _a(Sirsi) u63506 | ||
| 041 | _aeng | ||
| 050 | _a634 | ||
| 100 | _aBean, W.J. | ||
| 245 | _aTrees and shrubs: hardy in the British Isles, Volume 1 A-C | ||
| 250 | _a8th | ||
| 260 |
_aLondon _bJohn Murray _c1970 |
||
| 300 | _axx. 845p. plates. 22cm | ||
| 350 | _a8 | ||
| 520 | _a8th edition fully revised | ||
| 942 | _n0 | ||
| 948 | _c04/03/1997 | ||
| 999 |
_c94573 _d94573 |
||